000 01563nam a2200325 c 4500
999 _c56460
_d56460
003 BLK
005 20220616144810.0
008 180408b bul|||||r ||||||| ||bul||
010 _aKNG00060441000
040 _aBLK
041 _aBUL
_cBUL
080 _aВтора световна война
_b94(100)"1939/1945"
_z94(100)"1939/1945"
139 _aВтората световна война 1939 - 1945
_bВ 88
245 1 0 _aВтората световна война 1939 - 1945
_bКратка история
_cред. кол. Павел Андреевич Жилин; прев. Ани Банчева.
257 _aSB
260 _bПартиздат
_c1985
300 _a696 с., 50 л.
_bил., портр., к.
_c25 см
380 _a9
500 _aОриг. загл. Вторая мировая война. - Други прев. Л. Младенов, Ст. Даковска. - Кн. е съвместен труд на учени от НРБ, ГДР, МНР, ПНР, СРР, СССР, УНР и ЧСР. - 10 110 тир. - Библиогр. под линия ; Именен показалец.
650 4 _aВтора световна война
_9266732
653 _aВтора световна война
653 _aистория
700 1 _aЖилин, Павел Андреевич
_eред. кол.
_9369329
700 1 _aБанчева, Ани
_eпрев.
_9286892
852 _aЦб 134956
856 4 _qpdf
856 4 _qpdf
942 _cKNG
_n0
_06
_s1
944 _aCR
_c13.06.2004
_kЛюдмила_Стоянова
944 _aED
_c05.09.2008
999 _d56460